Capital Structure, Corporate Governance, and Financial Performance of Nonfinancial Real Sector Firms Listed at the Nairobi Securities Exchange, Kenya (Record no. 216005)

MARC details
000 -LEADER
fixed length control field 00757nam a22001577a 4500
008 - FIXED-LENGTH DATA ELEMENTS--GENERAL INFORMATION
fixed length control field 250808b |||||||| |||| 00| 0 eng d
050 ## - LIBRARY OF CONGRESS CALL NUMBER
Classification number THE HG 4026 .A24 2025
Item number C.1
100 ## - MAIN ENTRY--PERSONAL NAME
Personal name Agembe, Akali James
245 ## - TITLE STATEMENT
Title Capital Structure, Corporate Governance, and Financial Performance of Nonfinancial Real Sector Firms Listed at the Nairobi Securities Exchange, Kenya
260 ## - PUBLICATION, DISTRIBUTION, ETC.
Place of publication, distribution, etc. Kisii
Name of publisher, distributor, etc. Kisii University
Date of publication, distribution, etc. 2025
300 ## - PHYSICAL DESCRIPTION
Extent xv, 236p.:ill.
500 ## - GENERAL NOTE
General note Includes bibliographical references.
650 ## - SUBJECT ADDED ENTRY
Topical term or geographic name entry element 1. Corporations—Finance—Kenya. 2. Capital structure—Kenya. 3. Corporate governance—Kenya. 4. Financial performance—Kenya. 5. Nonfinancial corporations—Kenya. 6. Nairobi Securities Exchange.
942 ## - ADDED ENTRY ELEMENTS (KOHA)
Source of classification or shelving scheme Library of Congress Classification
Koha item type Reference
Holdings
Withdrawn status Lost status Source of classification or shelving scheme Damaged status Not for loan Collection Home library Current library Date acquired Inventory number Total checkouts Full call number Barcode Date last seen Copy number Price effective from Koha item type
    Library of Congress Classification     Special Research Kisii University Library Kisii University Library 08/08/2025 109428   THE HG 4026 .A24 2025 000000024321 08/08/2025 C.1 08/08/2025 Reference